[Event "CAN-ch U14 Girls"]
[Site "Windsor"]
[Date "2015.07.08"]
[Round "5.46"]
[White "Xu, Allyson"]
[Black "Nguyen, Duy Thien An"]
[Result "1/2-1/2"]
[WhiteElo "1461"]
[BlackElo "1555"]
[PlyCount "87"]
[EventDate "2015.07.06"]
[EventType "swiss"]
[EventRounds "7"]
[EventCountry "CAN"]
[SourceTitle "EXT 2022"]
[Source "ChessBase"]
[SourceDate "2021.10.06"]
[SourceVersion "1"]
[SourceVersionDate "2021.10.06"]
[SourceQuality "1"]

1. e4 c6 2. d4 d5 3. exd5 cxd5 4. Nf3 Nf6 5. Bd3 Bg4 6. h3 Bh5 7. Nc3 Nc6 8. Be2 e6 9. Be3 Bd6 10. 0-0 a6 11. a3 0-0 12. Bg5 h6 13. Bh4 Be7 14. Rb1 Rc8 15. Qd2 Qc7 16. Qd1 Na5 17. Bg3 Bd6 18. Bxd6 Qxd6 19. Ne5 Bxe2 20. Qxe2 Nc4 21. Rfd1 Nd7 22. Nxc4 Rxc4 23. Na2 Nb6 24. Nb4 Rc7 25. Nd3 Nc4 26. Nc5 Ra8 27. Nd3 Qe7 28. Rdc1 Qf6 29. Ne5 Nxe5 30. dxe5 Qf5 31. c3 Rc4 32. f3 Qf4 33. Rd1 Rac8 34. Kh1 Kh8 35. Rd2 Qf5 36. Rbd1 Rh4 37. Rd4 Rxd4 38. Rxd4 Qg5 39. Rg4 Qe7 40. Qf2 Kh7 41. Qc2+ Kh8 42. Qf2 Kh7 43. Qc2+ Kh8 44. Qf2 1/2-1/2

[Event "CAN-ch U12 Girls"]
[Site "Ottawa"]
[Date "2013.07.10"]
[Round "1"]
[White "Vlasenko, Ksenia"]
[Black "Xu, Allyson"]
[Result "1-0"]
[WhiteElo "1421"]
[BlackElo "974"]
[PlyCount "127"]
[EventDate "2013.07.10"]
[EventType "swiss"]
[EventRounds "6"]
[EventCountry "CAN"]
[SourceTitle "EXT 2022"]
[Source "ChessBase"]
[SourceDate "2021.10.06"]
[SourceVersion "1"]
[SourceVersionDate "2021.10.06"]
[SourceQuality "1"]

1. e4 e5 2. Nf3 Nc6 3. Bc4 Be7 4. 0-0 d6 5. d3 Bg4 6. Be3 Nf6 7. Nbd2 0-0 8. Re1 d5 9. exd5 Nxd5 10. Qc1 f5 11. Bxd5+ Qxd5 12. Bg5 Bxg5 13. Nxg5 Rae8 14. Nc4 f4 15. Ne4 b5 16. Ncd2 Nd4 17. f3 Bh5 18. Nc3 Qc5 19. Kh1 Bg6 20. Nb3 Nxb3 21. axb3 Rf6 22. b4 Qxb4 23. Nd5 Qc5 24. Nxf6+ gxf6 25. Qd2 Ra8 26. Qc3 Qd6 27. Qb3+ Bf7 28. Qxb5 c6 29. Qa4 Qc5 30. c4 Be8 31. Qa5 Qd4 32. Qc3 Qc5 33. b4 Qb6 34. c5 Qb7 35. d4 exd4 36. Qxd4 Bg6 37. Qxf4 Rf8 38. Qc4+ Bf7 39. Qg4+ Bg6 40. Qe6+ Rf7 41. Ra6 Qxb4 42. Rxa7 Qxc5 43. Rxf7 Bxf7 44. Qxf6 Qf2 45. Qg5+ Kf8 46. Rc1 Qe2 47. Qc5+ Kg7 48. Qxc6 Bg6 49. Qc3+ Kf8 50. Qh8+ Ke7 51. Qg7+ Bf7 52. Qxh7 Qd2 53. Qe4+ Kf8 54. Re1 Kg8 55. Qe3 Qb2 56. g4 Qb4 57. h4 Qd6 58. Qg5+ Kf8 59. Qe5 Qd3 60. Qh8+ Bg8 61. Qh6+ Kf7 62. Qf4+ Kg7 63. Re7+ Kh8 64. Qf6# 1-0